Normal view
MARC view
- Muhammed, Shibu - translator
Entry Personal Name
001 - CONTROL NUMBER
- control field: 6317
003 - CONTROL NUMBER IDENTIFIER
- control field: OSt
005 - DATE AND TIME OF LATEST TRANSACTION
- control field: 20241007151532.0
008 - FIXED-LENGTH DATA ELEMENTS
- fixed length control field: 241007|| aca||aabn | a|a d
040 ## - CATALOGING SOURCE
- Original cataloging agency: OSt
- Transcribing agency: OSt
100 ## - HEADING--PERSONAL NAME
- Personal name: Muhammed, Shibu - translator
670 ## - SOURCE DATA FOUND
- Source citation: Work cat.: (OSt)18136: More, J B P 6315, Keralathile muslingal /, 2021.
